Loading...
| Literature - British | 0 | 8 | 1 | 1 | 75 | 123 | 142.63 | 0 | 5 | 0.00 | 0.00 |
| Literature - American | 1 | 6 | 1 | 0 | 70 | 71 | 108.14 | 0 | 2 | 0.00 | 0.00 |
| Literature - European | 2 | 3 | 3 | 0 | 45 | 63 | 100.00 | 2 | 3 | 0.00 | 0.00 |
| Literature - World | 0 | 4 | 0 | 0 | 40 | 91 | 109.75 | 0 | 2 | 0.00 | 0.00 |
| Philosophy | 0 | 3 | 0 | 3 | 30 | 137 | 143.67 | 0 | 0 | 0.00 | 0.00 |
| History - Other | 0 | 2 | 0 | 1 | 20 | 104 | 112.50 | 0 | 0 | 0.00 | 0.00 |
| Geography | 0 | 2 | 0 | 0 | 20 | 100 | 114.50 | 0 | 1 | 0.00 | 0.00 |
| History - US | 0 | 1 | 0 | 1 | 10 | 156 | 156.00 | 0 | 1 | 0.00 | 0.00 |
| Social Science | 0 | 0 | 0 | 0 | 0 | 0.00 | 0 | 0 | 0.00 | 0.00 | |
| Beliefs | 0 | 1 | 2 | 0 | 0 | 118 | 118.00 | 0 | 0 | 0.00 | 0.00 |